[Event "HCL-C313"]
[Site "www.playchess.de"]
[Date "2001.04.24"]
[Round "3"]
[White "janaj"]
[Black "remote"]
[WhiteElo "880"]
[BlackElo "1000"]
[PlyCount "53"]
[Result "1-0"]

1.e4 e5 2.Nf3 Bc5 3.Nxe5 d6 {iam from waco tex}  
4.Nc4 {Hallo remote, where in USA is waco tex?}  
Bd7 5.d3 Bb4+ 6.c3 {-}  Bc5 7.Be3 Be6 8.d4 Bxc4 
9.Bxc4 Nf6 {what,s up}  10.O-O Nxe4 11.dxc5 Rf8 
12.Re1 a6 13.Nd2 {what do you mean, remote?}  Qe7 
14.cxd6 Nxd6 15.Bb3 b5 16.Bc5 b4 17.Rxe7+ Kxe7 
18.Qe1+ Kd7 19.Ba4+ Kd8 20.Bxb4 Nd7 21.Qe3 Re8 
22.Qg5+ Kc8 23.Qg4 a5 24.Qxd7+ {-}  Kb7 25.Qc6+ 
Kb8 26.Bxd6 Rd8 27.Qxc7+ 1-0

[Event "HCL-C313"]
[Site "www.playchess.de"]
[Date "2001.04.24"]
[Round "7"]
[White "Coolhandluke"]
[Black "SPANKME"]
[WhiteElo "1000"]
[BlackElo "1000"]
[PlyCount "23"]
[Result "1-0"]

1.e4 {hello, how are you? I'm from New Haven 
Kentucky. Look forward to an interesting game.}  
e5 2.Nf3 Nf6 {I'm fine, thank you. I'm from the 
south part of Sweden}  3.d3 {How far from 
Stockholm? I notice you fly the flag of 
Azerbaijan. From there origianly?}  d6 {It takes 
about 6 hrs to drive to Stockholm from here. Nope, 
i've never even been in Azerbaijan.}  4.Bg5 Bg4 
5.Be2 Nc6 6.O-O Be7 7.c3 O-O 8.Nbd2 d5 9.exd5 Nxd5 
10.Ne4 Bxg5 11.Nfxg5 Bxe2 12.Qxe2 1-0

[Event "HCL-B326"]
[Site "www.playchess.de"]
[Date "2001.04.24"]
[Round "7"]
[White "Fringe"]
[Black "LADY"]
[WhiteElo "1575"]
[BlackElo "786"]
[PlyCount "55"]
[Result "1-0"]

1.e4 e5 2.Nc3 Nf6 {Hope you had a great Easter}  
3.f4 g6 4.Bc4 Nc6 5.d3 Nd4 6.fxe5 Nh5 7.Nf3 Nf4 
8.Bxf4 Ne6 9.Bxe6 dxe6 10.Bg5 Qd7 11.Bf6 Rg8 
12.O-O b5 13.a3 h6 14.d4 g5 15.d5 exd5 16.exd5 
Bc5+ 17.Kh1 g4 18.Nd4 a6 19.e6 Qd6 20.exf7+ Kxf7 
21.Be5+ Ke7 22.Bxd6+ Kxd6 23.Ne4+ Ke7 24.Nc6+ Ke8 
25.Nf6+ Kf8 26.Qe2 Rg6 27.Qe8+ Kg7 
28.Qg8+ 1-0

[Event "ACL-A172"]
[Site "www.playchess.de"]
[Date "2001.04.24"]
[Round "8"]
[White "yunusov"]
[Black "scylla"]
[WhiteElo "1500"]
[BlackElo "1500"]
[PlyCount "27"]
[Result "1-0"]

1.d4 Nf6 2.c4 g6 3.Nc3 Bg7 4.e4 d6 5.Nf3 Nbd7 
6.Be2 O-O 7.O-O b6 8.e5 dxe5 9.dxe5 Ng4 10.e6 fxe6 
11.Ng5 Nxf2 12.Rxf2 Ne5 13.Rxf8+ Qxf8 
14.Nb5 1-0

[Event "HCL-C308"]
[Site "www.playchess.de"]
[Date "2001.04.24"]
[Round "17"]
[White "Lukas"]
[Black "Tim"]
[WhiteElo "1115"]
[BlackElo "643"]
[PlyCount "41"]
[Result "1-0"]

1.e4 e5 2.f4 exf4 3.Nf3 d5 4.exd5 Qxd5 5.Nc3 Qe6+ 
6.Kf2 Bc5+ 7.d4 Bd6 8.Bb5+ c6 9.Re1 Qe5 10.Rxe5+ 
Bxe5 11.Nxe5 Ne7 12.Bc4 b5 13.Bxf7+ Kf8 14.Bb3 Nd7 
15.Bxf4 Ng6 16.Nxg6+ hxg6 17.Qd3 Nf6 18.Qxg6 Ng4+ 
19.Kg1 Nh6 20.Bxh6 Rxh6 21.Qf7+ 1-0

[Event "HCL-C308"]
[Site "www.playchess.de"]
[Date "2001.04.24"]
[Round "18"]
[White "Tim"]
[Black "Rengar"]
[WhiteElo "643"]
[BlackElo "1153"]
[PlyCount "54"]
[Result "0-1"]

1.e3 e5 2.Nc3 d5 3.d4 e4 4.g3 Nf6 5.Bb5+ c6 6.Ba4 
Bg4 7.Nce2 Qa5+ 8.Nc3 Bxd1 9.Kxd1 Bb4 10.Nge2 Nbd7 
11.a3 Bxc3 12.Nxc3 Nb6 13.Bb3 Ng4 14.Ke2 Qa6+ 
15.Kd1 Nxf2+ 16.Ke1 Nxh1 17.Ne2 O-O 18.Kf1 Rae8 
19.Ba2 Nc4 20.Kg1 Nxe3 21.Bxe3 Qxe2 22.Bf4 Qxc2 
23.Rb1 e3 24.Bxe3 Rxe3 25.Kxh1 Re2 26.h4 Rh2+ 
27.Kg1 Qg2+ {Good Game! GOod luck in future 
Matches!}  0-1

[Event "HCL-C316"]
[Site "www.playchess.de"]
[Date "2001.04.24"]
[Round "1"]
[White "Guido94"]
[Black "fossa"]
[WhiteElo "1000"]
[BlackElo "1068"]
[PlyCount "29"]
[Result "1-0"]

1.d4 e6 2.e4 c5 3.Nf3 Qb6 4.Nc3 Nf6 5.e5 Nd5 
6.dxc5 Bxc5 7.Ne4 Qb4+ 8.Nfd2 Qb6 9.Nc4 Bb4+ 10.c3 
Bxc3+ 11.Nxc3 Qb4 12.Nd6+ Ke7 13.Qh5 g6 14.Qh6 
Nxc3 15.Bg5+ 1-0

[Event "HCL-B328"]
[Site "www.playchess.de"]
[Date "2001.04.24"]
[Round "10"]
[White "yxw1"]
[Black "gronico"]
[WhiteElo "1489"]
[BlackElo "1502"]
[PlyCount "23"]
[Result "1-0"]

1.Nf3 g6 2.g3 d5 3.d4 Bg7 4.Nc3 e6 5.Bg2 Ne7 6.O-O 
b6 7.e4 dxe4 8.Nxe4 Bb7 9.Ne5 Bxe5 10.dxe5 Nbc6 
11.Nf6+ Kf8 12.Bh6+ {Thanks for the game} 
 1-0

[Event "HCL-A160"]
[Site "www.playchess.de"]
[Date "2001.04.24"]
[Round "6"]
[White "Chapo"]
[Black "runciter"]
[WhiteElo "1936"]
[BlackElo "1572"]
[PlyCount "25"]
[Result "1-0"]

1.c4 e5 2.Nc3 Nf6 3.g3 Bb4 4.Bg2 O-O 5.Nf3 Re8 
6.O-O e4 7.Nd4 Bxc3 8.bxc3 c5 9.Nb3 b6 10.d3 d5 
11.Bg5 Bb7 12.cxd5 Bxd5 13.dxe4 1-0

[Event "HCL-A160"]
[Site "www.playchess.de"]
[Date "2001.04.24"]
[Round "8"]
[White "cricri"]
[Black "Gorodish"]
[WhiteElo "1600"]
[BlackElo "1862"]
[PlyCount "37"]
[Result "1-0"]

1.c4 g6 2.Nc3 c5 3.g3 Bg7 4.Bg2 Nc6 5.Nf3 Nf6 6.d4 
cxd4 7.Nxd4 O-O 8.O-O Qb6 9.Nc2 d6 10.b3 Ne4 
11.Nxe4 Bxa1 12.Nxa1 Qd4 13.Bh6 Qxd1 14.Rxd1 Re8 
15.Nc2 Bf5 16.Ne3 Bd7 17.c5 Rad8 18.cxd6 exd6 
19.Nf6+ 1-0

[Event "HCL-C317"]
[Site "www.playchess.de"]
[Date "2001.04.24"]
[Round "7"]
[White "MSMira"]
[Black "chessext"]
[WhiteElo "1000"]
[BlackElo "1186"]
[PlyCount "43"]
[Result "1-0"]

1.e4 e5 2.Nf3 Nc6 3.Bb5 a6 4.Ba4 Nf6 5.O-O Nxe4 
6.d4 b5 7.Bb3 d5 8.dxe5 Be6 9.Nbd2 Bc5 10.Qe2 f5 
11.exf6 Qxf6 12.Nxe4 dxe4 13.Qxe4 O-O 14.Bxe6+ Kh8 
15.Ng5 Bxf2+ 16.Kh1 Qg6 17.Nf7+ Rxf7 18.Qxg6 hxg6 
19.Bxf7 Rd8 20.Bg5 Rf8 21.Rxf2 Ne5 
22.Raf1 1-0

[Event "ACL-A180"]
[Site "www.playchess.de"]
[Date "2001.04.24"]
[Round "10"]
[White "Reverend_Owen"]
[Black "cricri"]
[WhiteElo "1886"]
[BlackElo "2078"]
[PlyCount "35"]
[Result "1-0"]

1.e4 d6 2.d4 Nf6 3.Nc3 g6 4.Be3 c6 5.Qd2 b5 6.Bd3 
Qa5 7.h3 Nbd7 8.Nf3 Bg7 9.O-O O-O 10.Nd5 Qd8 
11.Nxf6+ Bxf6 12.a4 bxa4 13.Rxa4 Nb6 14.Ra5 Qc7 
15.c4 Be6 16.Rc1 Rfb8 17.d5 Bg7 
18.dxe6 1-0

[Event "HCL-B332"]
[Site "www.playchess.de"]
[Date "2001.04.24"]
[Round "2"]
[White "Max"]
[Black "hassell"]
[WhiteElo "1466"]
[BlackElo "1696"]
[PlyCount "84"]
[Result "0-1"]

1.e4 e5 {Hi Max, look forward to a good game.}  
2.Nf3 Nc6 3.Nc3 Nf6 4.Bb5 Nd4 5.O-O Nxb5 6.Nxb5 c6 
7.Nc3 d6 8.d3 Qc7 9.a3 Be7 10.Be3 d5 11.Bg5 d4 
12.Nb1 Bg4 13.Nbd2 h6 14.Bh4 Nxe4 15.dxe4 Bxh4 
16.h3 Bxf3 17.Qxf3 Bg5 18.Rad1 O-O 19.Qf5 Bxd2 
20.Rxd2 c5 21.c3 Rac8 22.Rd3 c4 23.Rg3 d3 24.Rd1 
b5 25.h4 Qe7 26.h5 Rfd8 27.Qg4 Qf6 28.Rd2 a5 
29.Kf1 b4 30.a4 Rcb8 31.Qd1 Qh4 32.Kg1 bxc3 
33.bxc3 Qxe4 34.Re3 Qf5 35.Rh3 Rb3 36.Qf3 Qxf3 
37.Rxf3 Rxc3 38.Rf5 f6 39.f4 e4 40.Rxa5 e3 41.Rb2 
d2 42.Rxd2 exd2 0-1

[Event "HCL-B332"]
[Site "www.playchess.de"]
[Date "2001.04.24"]
[Round "4"]
[White "hassell"]
[Black "AD"]
[WhiteElo "1696"]
[BlackElo "1417"]
[PlyCount "47"]
[Result "1-0"]

1.e4 {Hi Adrian, I look forward to an interesting 
game}  Nc6 {Hi Hassell, so do I}  2.d4 d5 3.e5 e6 
4.Nf3 a6 5.Bd3 h6 6.O-O g5 7.c3 f5 8.Nbd2 g4 9.Ne1 
h5 10.Bc2 h4 11.Nd3 Qe7 12.Nf4 Qg7 13.Qe2 g3 
14.fxg3 Qg5 15.g4 Nge7 16.gxf5 Nxf5 17.Bxf5 exf5 
18.Nxd5 Kd7 19.e6+ Kd8 20.Ne4 Qg6 21.Ng5 Rg8 
22.Nf7+ Ke8 23.Nxc7+ Ke7 24.Bg5+ 1-0

[Event "HCL-B331"]
[Site "www.playchess.de"]
[Date "2001.04.24"]
[Round "22"]
[White "rbverhoef"]
[Black "gktyro"]
[WhiteElo "1550"]
[BlackElo "1405"]
[PlyCount "77"]
[Result "1-0"]

1.d4 Nf6 2.c4 c5 3.d5 b5 4.cxb5 a6 5.bxa6 Bxa6 
6.Nc3 g6 7.Bf4 d6 8.Qa4+ Nbd7 9.O-O-O Bg7 10.Nb5 
{Thx for not playing Bxe2}  Bxb5 {Bxe2 loses, Bxb5 
does not however}  11.Qxb5 Rxa2 12.Qc4 Ra1+ 13.Kc2 
Rxd1 14.Kxd1 O-O 15.e4 Qb6 16.Bc1 Rb8 17.Qa4 Ng4 
18.Nh3 Qb3+ 19.Qxb3 Rxb3 20.Be2 Nde5 21.f4 Ne3+ 
22.Bxe3 {Now u could play Rxh3, now you lose a 
night... Or am i wrong again...}  Rxe3 23.fxe5 
Bxe5 24.Nf2 Bxb2 25.Bd3 h5 26.Kd2 Bd4 27.Nd1 Rxd3+ 
28.Kxd3 e6 29.Nc3 Kg7 30.Nb5 Be5 31.h4 Bg3 32.Kc4 
Be5 33.dxe6 fxe6 34.Rd1 d5+ 35.exd5 exd5+ 36.Kxc5 
Bg3 37.Rh1 Kf6 38.Rh3 Bf2+ 39.Kxd5 1-0

[Event "ACL-A183"]
[Site "www.playchess.de"]
[Date "2001.04.24"]
[Round "4"]
[White "julianlore"]
[Black "foxzy"]
[WhiteElo "1769"]
[BlackElo "1304"]
[PlyCount "43"]
[Result "1-0"]

1.d4 {Hi again.}  d5 {Hi. I hope that I can play 
more turns than in last game. :)}  2.Nf3 {go for 
it}  Nf6 3.g3 Bg4 4.Bg2 Nc6 5.Ne5 Qd6 6.Nxg4 Nxg4 
7.e4 Nf6 8.e5 Qe6 9.O-O Nd7 10.c4 Nb6 11.Nc3 Nb4 
12.a3 Na6 13.c5 c6 14.cxb6 axb6 15.Qb3 b5 16.Nxb5 
O-O-O 17.Na7+ Kc7 18.Bd2 Rb8 19.Rfc1 g6 20.Bxd5 
Qd7 21.Ba5+ b6 22.Nxc6 1-0

[Event "HCL-B338"]
[Site "www.playchess.de"]
[Date "2001.04.24"]
[Round "8"]
[White "gktyro"]
[Black "rbverhoef"]
[WhiteElo "1405"]
[BlackElo "1639"]
[PlyCount "38"]
[Result "0-1"]

1.e4 c5 2.Nf3 Nc6 3.d4 cxd4 4.Nxd4 e5 5.Nb5 d6 
6.N1c3 a6 7.Na3 b5 8.Nd5 Nf6 9.Bg5 Be7 10.f3 Nxd5 
11.exd5 Bxg5 12.dxc6 O-O 13.Be2 d5 14.O-O Qb6+ 
15.Kh1 Qxc6 16.c3 Qh6 17.Qxd5 Bf4 18.Kg1 Qxh2+ 
19.Kf2 Qh4+ 0-1

[Event "HCL-B338"]
[Site "www.playchess.de"]
[Date "2001.04.24"]
[Round "9"]
[White "rbverhoef"]
[Black "foxzy"]
[WhiteElo "1639"]
[BlackElo "1156"]
[PlyCount "58"]
[Result "0-1"]

1.b3 e5 2.Bb2 Nc6 3.g3 d6 4.Bg2 Nf6 5.Nf3 g6 6.O-O 
Bg7 7.d4 O-O 8.dxe5 dxe5 9.Qxd8 Rxd8 10.Nxe5 Nxe5 
11.Bxe5 Re8 12.Bxc7 Rxe2 13.c3 Ne8 14.Bf3 Rc2 
15.Re1 Nxc7 16.Re7 {Whoops}  Nb5 17.Re8+ Bf8 18.c4 
Nd6 19.Rd8 Rb8 20.c5 Bh3 21.Rxd6 Bxd6 22.Na3 Rxc5 
23.Nc4 Bf8 24.g4 b5 25.Ne3 Rbc8 26.Rd1 R5c1 27.Nd5 
Rxd1+ 28.Bxd1 Rc1 29.Ne3 Bc5 0-1

[Event "HCL-B340"]
[Site "www.playchess.de"]
[Date "2001.04.24"]
[Round "7"]
[White "gingy"]
[Black "rbverhoef"]
[WhiteElo "1219"]
[BlackElo "1567"]
[PlyCount "33"]
[Result "1-0"]

1.d4 Nf6 2.c4 g6 3.Nf3 Bg7 4.Nc3 d5 5.Bg5 dxc4 
6.e3 Bg4 7.Qa4+ Nc6 8.Bxf6 exf6 9.d5 Bxf3 10.gxf3 
Qd6 11.O-O-O Qb4 12.dxc6 Qxa4 13.Nxa4 bxc6 14.Bxc4 
Rb8 15.Nc5 f5 16.b3 O-O 17.Nd7 1-0

[Event "HCL-B341"]
[Site "www.playchess.de"]
[Date "2001.04.24"]
[Round "9"]
[White "hassell"]
[Black "rbverhoef"]
[WhiteElo "1758"]
[BlackElo "1384"]
[PlyCount "29"]
[Result "1-0"]

1.e4 {Hi, I look forward to an interesting game.}  
c5 2.Nf3 Nc6 3.d4 cxd4 4.Nxd4 e5 5.Nb5 Bc5 6.Nd6+ 
Bxd6 7.Qxd6 Qh4 8.Nc3 Nd4 9.Qxe5+ Ne6 10.Nb5 Ne7 
11.Nd6+ Kf8 12.Bc4 Qg4 13.O-O Nf4 14.Bxf4 Ng6 
15.Qe8+ 1-0

[Event "HCL-A061"]
[Site "www.playchess.de"]
[Date "2001.04.25"]
[Round "19"]
[White "Chapo"]
[Black "klypp"]
[WhiteElo "1700"]
[BlackElo "2112"]
[PlyCount "164"]
[Result "0-1"]

1.c4 Nf6 2.Nc3 e6 3.g3 d5 4.d4 dxc4 5.e4 c6 6.e5 
Nd5 7.Bxc4 b6 8.Nxd5 exd5 9.Bf1 Bf5 10.Nf3 Be7 
11.Bg2 O-O 12.O-O Nd7 13.Be3 Be4 14.Rc1 Rc8 15.Bh3 
Rc7 16.e6 fxe6 17.Bxe6+ Kh8 18.Nd2 Bf5 19.Bxf5 
Rxf5 20.Bf4 Rc8 21.Qa4 c5 22.Nf3 Nf8 23.Ne5 Ne6 
24.Qc2 Rf8 25.Be3 Rc7 26.dxc5 d4 27.Bd2 Nxc5 28.b4 
Qd5 29.f4 Ne6 30.Qa4 Ng5 31.fxg5 Rxc1 32.Bxc1 Qxe5 
33.Bf4 Qe2 34.h4 d3 35.a3 a5 36.Qb5 axb4 37.axb4 
Qc2 38.Rf2 Qc3 39.Kh2 Qe1 40.Rg2 Bxb4 41.Qxb6 Qe7 
42.Qd4 Rd8 43.Qb2 Re8 44.Bd2 Bxd2 45.Qxd2 Rd8 
46.Qf4 Kg8 47.Rf2 Qe6 48.Qd2 Qd5 49.Kg1 Qc4 50.Kh2 
Re8 51.Qa5 Rc8 52.Qa7 Qd5 53.Qe3 Rd8 54.Rd2 Qf5 
55.Rd1 Kf7 56.Kg2 Qd5+ 57.Qf3+ Kg6 58.Qxd5 Rxd5 
59.Rd2 Kh5 60.Kf3 Rd7 61.g6 Kxg6 62.g4 h5 63.g5 
Rd4 64.Kf2 Rxh4 65.Rxd3 Kxg5 66.Rd5+ Kh6 67.Kg3 
Ra4 68.Rb5 h4+ 69.Kg2 Ra3 70.Rb8 Kh5 71.Rh8+ Kg4 
72.Rb8 Ra2+ 73.Kg1 g5 74.Rb4+ Kh5 75.Rb3 Ra5 
76.Kg2 g4 77.Rb2 h3+ 78.Kg3 Ra3+ 79.Kh2 Kh4 80.Rb4 
Ra2+ 81.Kg1 Rg2+ 82.Kh1 Re2 0-1

[Event "HCL-B131"]
[Site "www.playchess.de"]
[Date "2001.04.25"]
[Round "30"]
[White "Takavor"]
[Black "Denzil"]
[WhiteElo "1500"]
[BlackElo "1200"]
[PlyCount "84"]
[Result "0-1"]

1.Nc3 e5 2.e4 Nf6 3.a3 Bc5 4.h3 O-O 5.Nf3 d6 6.d3 
c6 7.Bg5 h6 8.Bh4 g5 9.Bg3 a6 10.Be2 b5 11.O-O a5 
12.Qd2 Nh5 13.Bh2 Nf4 14.Bxf4 exf4 15.d4 Ba7 
16.Bd3 Re8 17.Ne2 Bb7 18.d5 Qf6 19.c3 Re7 20.Rae1 
b4 21.cxb4 axb4 22.axb4 Nd7 23.Bc4 Rxe4 24.b3 Ne5 
25.Nxe5 Rxe5 26.dxc6 Bxc6 27.Nd4 Rxe1 28.Nxc6 {a 
careless mistake!}  Rxf1+ {Indeed it was!}  
29.Kxf1 Be3 30.Qd5 Ra1+ 31.Ke2 Ra2+ 32.Kf3 Rxf2+ 
33.Ke4 Rd2 34.Qf5 d5+ 35.Bxd5 Qxf5+ 36.Kxf5 Rxd5+ 
37.Kg4 Kg7 38.Ne7 Rd7 39.Nf5+ Kg6 40.Nxe3 Rd3 
41.Kf3 Rxe3+ 42.Kf2 Rxb3 0-1

[Event "HCL-B142"]
[Site "www.playchess.de"]
[Date "2001.04.25"]
[Round "8"]
[White "Jeff_Foster"]
[Black "supercazzola"]
[WhiteElo "1272"]
[BlackElo "1500"]
[PlyCount "66"]
[Result "0-1"]

1.Nf3 Nf6 2.g3 b6 3.Bg2 Bb7 4.O-O e6 5.d3 c5 6.e4 
d6 7.Nbd2 Nbd7 8.Re1 Qc7 9.Nb3 Rc8 10.Bd2 Be7 
11.Qe2 O-O 12.Bc3 e5 13.Nh4 Rfe8 14.Nf5 Bf8 15.Qe3 
d5 16.Qg5 Kh8 17.exd5 Nxd5 18.Bd2 f6 19.Qg4 g6 
20.Nh6 f5 21.Qc4 N7f6 22.Bg5 Bg7 23.Re2 Re7 24.a4 
Rd7 25.Rae1 Ne8 26.Nd2 Nd6 27.Qh4 Nb4 28.Bxb7 Qxb7 
29.R2xe5 Nxc2 30.R1e2 Nd4 31.R2e1 Bxe5 32.f4 Bg7 
33.g4 c4 0-1

[Event "HCL-E018"]
[Site "www.playchess.de"]
[Date "2001.04.25"]
[Round "21"]
[White "FD515"]
[Black "Hertie"]
[WhiteElo "1978"]
[BlackElo "2158"]
[PlyCount "65"]
[Result "1-0"]

1.e4 e5 2.Nf3 Nc6 3.Bc4 Nf6 4.Ng5 d5 5.exd5 Na5 
6.Bb5+ c6 7.dxc6 bxc6 8.Qf3 cxb5 9.Qxa8 Qd7 10.Qf3 
Bb7 11.Qe2 Be7 12.Nf3 Nc6 13.Qxb5 e4 14.Ne5 Nxe5 
15.Qxe5 O-O 16.Nc3 Ng4 17.Qb5 Qd4 18.Qe2 f5 19.h3 
Ne5 20.Qe3 Qd6 21.Qxa7 Qg6 22.g3 Nf3+ 23.Kd1 f4 
{wo wir nun schon mal angefangen haben mit 
opfern...}  24.Qxb7 fxg3 25.fxg3 Qxg3 26.Nxe4 Qg2 
27.Ng3 Qxg3 28.Qb5 Kh8 29.Rf1 Qxh3 30.c3 Rf6 31.d4 
h6 32.Qd3 Qg4 33.Qe2 1-0

[Event "HCL-E019"]
[Site "www.playchess.de"]
[Date "2001.04.25"]
[Round "34"]
[White "Ostap_Bender"]
[Black "Brrrr"]
[WhiteElo "2000"]
[BlackElo "1806"]
[PlyCount "85"]
[Result "1-0"]

1.d4 Nf6 2.c4 g6 3.Nc3 Bg7 4.e4 d6 5.f3 O-O {S 
Novym Godom, Roman!}  6.Be3 {Ny, c novym, tak s 
novym ... Gde ze ja teba videl? Ne pomny :-(}  Nc6 
{My razgovorili v proshlom godu. Pomnyu shto ty vo 
Vladivostoke.}  7.Qd2 {Kto ychil po-russki 
govorit? Mama s papoi?}  a6 {Nyet, bylo davno i 
teper' pochti vsyo zabyto. :-)}  8.Nge2 Rb8 {Ty 
znakom s www.farpost.com/chess/  ?? Poprobuyte!}  
9.h4 {Spasibo za adres. Ja yznal ego okolo mesatsa 
nazad po ssylke s drygogo saita.}  h5 10.Nc1 e5 
11.d5 Ne7 12.Nb3 c6 13.dxc6 Nxc6 14.O-O-O Ne8 
15.Be2 Be6 16.g4 b5 {Press 'space' to remove your 
message.}  17.cxb5 {Sorry, but I cant remove it.}  
Bxb3 {'Space'+'Enter' will leave just a blank.}  
18.axb3 {Where should be the cursor?}  Nd4 {Here 
in the Message window.}  19.Bxd4 exd4 20.Nd5 hxg4 
21.fxg4 axb5 22.h5 {.}  Nc7 23.Kb1 {               
                                                   
                                 .}  Qd7 24.hxg6 
fxg6 25.Nxc7 Qxc7 26.Qg5 Qf7 27.Qh4 Bf6 28.g5 Be5 
29.Bg4 Rfe8 30.Qh3 Rb7 31.Rdc1 d3 32.Qxd3 Ra7 
33.Rcf1 Qb7 34.Rh6 Kg7 35.Bf5 gxf5 {Mne trudno ne 
brat'...}  36.exf5 {Zabavnaya partia}  Rg8 37.f6+ 
Kf8 {Kak "zabavnaya" po-angliiski ? U menya 
russkovo slovar'ya nyet.}  38.f7 {amusing; funny}  
Qxf7 {Zdes' nichevo smeshnovo. :-(}  39.g6 {funny 
- ne to, chto hotel skazat. amusing - tochnee.}  
Qxf1+ 40.Qxf1+ Ke8 {Spasibo za partiyu, Roman.}  
41.Qxb5+ {I vam spasibo za horoshyu igry}  Ke7 
42.Rh7+ Rg7 {I teper' Qxe4+...}  43.Qxe5+ {:-)} 
 1-0

[Event "HCL-M005"]
[Site "www.playchess.de"]
[Date "2001.04.25"]
[Round "4"]
[White "Mizerak"]
[Black "rayschutt"]
[WhiteElo "2285"]
[BlackElo "2634"]
[PlyCount "68"]
[Result "0-1"]

1.Nf3 c5 2.g3 g6 3.Bg2 Bg7 4.d3 Nc6 5.O-O e6 6.e4 
Nge7 7.Nbd2 O-O 8.c3 d6 9.Ne1 Rb8 10.a4 a6 11.f4 
Bd7 12.g4 f5 13.gxf5 gxf5 14.Qh5 {And away we 
go...}  Na5 15.Nef3 Qe8 16.Qg5 fxe4 17.Nxe4 Nf5 
18.Nh4 Nb3 19.Rb1 h6 20.Qg4 Bxa4 21.Re1 Qf7 22.Nf3 
Rbe8 23.Nh4 d5 24.Nd2 Nxc1 25.Rbxc1 Nxh4 26.Qxh4 
Qxf4 27.Qxf4 Rxf4 28.b3 Bd7 29.c4 Rf5 30.Ref1 Ref8 
31.Nf3 dxc4 32.dxc4 Bc6 33.Nd2 Bd4+ 34.Kh1 
Bxg2+ 0-1

[Event "HCL-C153"]
[Site "www.playchess.de"]
[Date "2001.04.25"]
[Round "33"]
[White "wildbill"]
[Black "Jelleyman"]
[WhiteElo "1000"]
[BlackElo "557"]
[PlyCount "64"]
[Result "0-1"]

1.d4 Nc6 2.e3 a5 3.Nf3 e6 4.Bb5 Bb4+ 5.c3 Be7 
6.O-O Nb8 7.e4 Nc6 8.Bg5 h6 9.Bf4 Nf6 10.Qa4 Ra6 
11.d5 Na7 12.Ne5 c6 13.dxe6 fxe6 14.Na3 d6 15.Ng6 
Rg8 16.Be3 d5 17.Rad1 Bd7 18.Ne5 Nxe4 19.Ng6 Bf6 
20.Rfe1 Nd6 21.Bf4 e5 22.Bxa6 bxa6 23.c4 dxc4 
24.Rxd6 Nc8 25.Qxc4 Ne7 26.Qxa6 Nxg6 27.Nc4 Nxf4 
28.Nxa5 Qb8 29.b3 Qxd6 30.Qb7 Qd2 31.Qb8+ Kf7 
32.Qb7 Qxe1+ 0-1

[Event "ACL-A088"]
[Site "www.playchess.de"]
[Date "2001.04.25"]
[Round "6"]
[White "rayschutt"]
[Black "Stema"]
[WhiteElo "1500"]
[BlackElo "2164"]
[PlyCount "143"]
[Result "1-0"]

1.d4 Nf6 2.Nf3 d5 3.c4 dxc4 4.e3 Be6 5.Na3 Nbd7 
6.Nxc4 Bd5 7.Be2 e6 8.O-O c5 9.b3 b6 10.Bb2 Rc8 
11.Nce5 Nxe5 12.Nxe5 Bd6 13.Bb5+ Kf8 14.Rc1 Kg8 
15.Ba6 Rb8 16.dxc5 Bxc5 17.Qe2 Qe7 18.Rfd1 Rd8 
19.b4 Bd6 20.Rxd5 Nxd5 21.Nc6 Bxh2+ 22.Kxh2 Qh4+ 
23.Kg1 Re8 24.Rc4 Qh6 25.Nxa7 Qg6 26.Rg4 Qb1+ 
27.Kh2 e5 28.Rxg7+ Kxg7 29.Bd3 Qxa2 30.Bxe5+ Rxe5 
31.Qxa2 Nxb4 32.Qb1 Nxd3 33.Qxd3 Rh5+ 34.Kg1 Rc5 
35.Qd4+ f6 36.Qd7+ Kg6 37.Nc6 Kh6 38.Ne7 Rf8 
39.Nf5+ Kg6 40.g4 Rf7 41.Qe8 Rxf5 42.Qe4 Kg7 
43.Qxf5 Rb7 44.Qd5 Re7 45.Kg2 Rc7 46.f4 h6 47.Kf3 
Ra7 48.Qc6 Re7 49.Qxb6 Rd7 50.Qe6 Rf7 51.Kg3 Rf8 
52.Kh4 Rf7 53.Kh5 Rc7 {Tomorrow I will go in 
holidays for 1week. Have a nice weekend.}  54.Qe8 
{Ich wünsche Sie  eine glückliche Ferien.}  Rb7 
{Thanks. Where did you learn german? See you.}  
55.Qg6+ {I was born during World War 2 in 
"Greater" Germany.}  Kf8 {That's a long time ago. 
Where are you living now?}  56.Qxf6+ {Near San 
Francisco, California. We left Germany in 1945 
going to Paraguay.}  Ke8 {The sister of a friend 
is living in Oakland now,as an AuPair.I was born 
in Bremen,now near Stuttgart}  57.Qc6+ {Then I 
shall refrain telling Oakland jokes.My father from 
Hamburg, mother ethnic German from Russia}  Rd7 
{Oakland jokes? Like "Ostfriesenwitze"?}  58.f5 
{Not about rural bumpkins.  I will send one joke 
separately.}  Kd8 59.Qxd7+ Kxd7 60.f6 Ke6 61.Kg6 
Kd6 62.f7 Ke7 63.e4 Kd6 64.f8Q+ {%}  Ke5 65.Qf5+ 
Kd4 66.e5 Kd5 67.e6+ Kd6 68.Kf7 Kc7 69.Qc5+ Kb7 
70.e7 h5 71.e8Q {%}  hxg4 {Congratulations. Hope 
to meet you again.}  72.Qec8+ {Maybe I will see 
you on DeutscheWelle TV}  1-0

[Event "HCL-E021"]
[Site "www.playchess.de"]
[Date "2001.04.25"]
[Round "19"]
[White "Giovanni"]
[Black "Goofy"]
[WhiteElo "2000"]
[BlackElo "2169"]
[PlyCount "38"]
[Result "0-1"]

1.e4 e5 2.Nf3 Nc6 3.Bb5 a6 4.Ba4 Nf6 5.O-O b5 
6.Bb3 Be7 7.Re1 d6 8.c3 Na5 9.Bc2 c5 10.d4 cxd4 
11.cxd4 Qc7 12.Nbd2 Bg4 13.h3 Bxf3 14.Nxf3 Rc8 
15.Bd3 O-O 16.a4 d5 17.exd5 exd4 18.Nxd4 Bb4 
19.Bd2 Bxd2 0-1

[Event "HCL-C185"]
[Site "www.playchess.de"]
[Date "2001.04.25"]
[Round "10"]
[White "Davey"]
[Black "Jernau"]
[WhiteElo "1000"]
[BlackElo "1672"]
[PlyCount "46"]
[Result "0-1"]

1.e4 {Hi 8Ball, you will lose}  e5 {You can try, 
but you will fail.}  2.Nf3 {Well I lost my last 
one}  d6 {That's because you're shit}  3.d4 {Why 
Take so long}  Nc6 4.Bg5 Be7 {What's that you 
said, you're going to the shop?}  5.h4 h6 6.Bxe7 
{Funny, fred will bleed}  Qxe7 {Knew you'd do 
that. Have you seen kldr's record?}  7.c3 {im 
getting whipped by everyone as I dont have time to 
think.Nice moves black boy}  Bg4 {Why don'y you 
just play your games more slowly? kldr's won all 8 
of his games.}  8.Qb3 b6 9.Bb5 {just gave away my 
queen on another game by pressing the wrong button 
nice}  Bd7 10.Ba6 exd4 11.Qb5 Qxe4+ {and on that 
note, I'll leave it for today - got productive 
stuff to do.}  12.Qe2 {well done mate I need to 
take more time me thinks}  Nf6 13.Nbd2 Qxe2+ 
14.Kxe2 {Nice move}  dxc3 {I thought you would 
have done it before me.}  15.bxc3 Bg4 16.Bb7 
{check out WeAreExeter.com then message board}  
O-O {I replied to you message on WeAreExeter}  
17.Bxc6 Rad8 18.Kd3 d5 19.Ne5 {what you doing?}  
Bf5+ {what do you mean? I'm off for today...c u 
2moro}  20.Ke3 a6 21.Kf4 Be4 22.f3 Nh5+ 23.Kg4 
Nf6+ 0-1

[Event "HCL-C191"]
[Site "www.playchess.de"]
[Date "2001.04.25"]
[Round "4"]
[White "Hobbit"]
[Black "Purple_Eagle00"]
[WhiteElo "1000"]
[BlackElo "900"]
[PlyCount "69"]
[Result "1-0"]

1.d4 Nf6 2.c4 e6 3.Nf3 d5 4.g3 Nc6 5.cxd5 exd5 
6.Bg2 Bg4 7.O-O Bxf3 8.Bxf3 Bd6 9.Qb3 Nxd4 10.Qa4+ 
Nc6 11.Qb3 Nd4 12.Qxb7 {Isn't it a bit early for a 
draw?}  Nc2 {If i were you I would have took the 
draw.}  13.Qc6+ {I'm not afraid to lose. It 
wouldn't matter.}  Nd7 14.Qxc2 O-O 15.Bxd5 Rb8 
16.Nc3 Nf6 17.Bg5 h6 18.Bxf6 Qxf6 19.Rab1 Rbe8 
20.Ne4 Qf5 21.Qc4 Re5 22.Nxd6 cxd6 23.e4 Qf3 24.b4 
Kh8 25.b5 f5 26.Rb3 Qh5 27.f4 Ree8 28.Re3 Rec8 
29.Qd3 Rc5 30.e5 dxe5 31.Rxe5 Rd8 32.Bf7 Rxd3 
33.Bxh5 Rc2 34.Bg6 Rd8 35.Rfe1 1-0